Food carbohydrates /

Bibliographic Details
Corporate Authors: Institute of Food Technologists, International Union of Food Science and Technology
Other Authors: Lineback, David R., Inglett, G. E., 1928-
Format: Book
Language:English
Published: Westport, Conn. : AVI Pub. Co., [1982]
Series:IFT basic symposium series.
Subjects:

MARC

Tag First Indicator Second Indicator Subfields
LEADER 00000pam a2200000 a 4500
001 in00000098758
005 20150924155752.0
008 820209s1982 ctua b 00100 eng
010 |a  82001800  
020 |a 087055400X 
035 |a (OCoLC)08221415 
035 |9 AAK9881AM 
039 0 |a 2  |b 3  |c 3  |d 3  |e 3 
040 |a DLC  |c DLC  |d TXA  |d UtOrBLW 
049 |a TXAM  |c 1 [985844], 2 [A09202915] 
050 0 0 |a TX553.C28  |b F66 1982 
082 0 |a 641.1/3  |2 19 
245 0 0 |a Food carbohydrates /  |c edited by David R. Lineback, George E. Inglett. 
264 1 |a Westport, Conn. :  |b AVI Pub. Co.,  |c [1982] 
264 4 |c ©1982 
300 |a xii, 494 pages :  |b illustrations ;  |c 24 cm. 
336 |a text  |b txt  |2 rdacontent 
337 |a unmediated  |b n  |2 rdamedia 
338 |a volume  |b nc  |2 rdacarrier 
490 1 |a IFT basic symposium series 
500 |a Papers presented at a symposium sponsored by the Institute of Food Technologists and the International Union of Food Science and Technology, held June 5-6, 1981. 
504 |a Includes bibliographies and index. 
650 0 |a Carbohydrates. 
650 0 |a Food  |x Carbohydrate content. 
700 1 |a Lineback, David R. 
700 1 |a Inglett, G. E.,  |d 1928- 
710 2 |a Institute of Food Technologists. 
710 2 |a International Union of Food Science and Technology. 
830 0 |a IFT basic symposium series. 
999 |a MARS 
999 f f |s a202482f-7ab8-3e57-97d5-3738750fad2b  |i 0ffbdc0e-26c0-337c-8146-68f59f16d68d  |t 0 
952 f f |p ric  |a Texas A&M University  |b Rellis Campus  |c Joint Library Facility  |d Remote Storage  |t 0  |e TX553.C28 F66 1982  |h Library of Congress classification  |i unmediated -- volume  |m A14806033139 
998 f f |a TX553.C28 F66 1982  |t 0  |l Remote Storage